| 000 | 00616nam a22002057a 4500 | ||
|---|---|---|---|
| 003 | BUBTL | ||
| 008 | 140128b xxu||||| |||| 00| 0 eng d | ||
| 082 |
_221 _a657.42/ M438c/ 1984 |
||
| 100 |
_9125 _aMatz, Adolph |
||
| 245 |
_aCost accounting : planing and control / _cAdolph Matz, Milton F. Usry |
||
| 250 | _a8th ed. | ||
| 260 |
_aCincinnati _bSouth Western Pub. _cc1984. |
||
| 300 |
_axii,786p.: _bills. chats ; _c27 cm. |
||
| 500 | _aIncludes Index . | ||
| 650 | 0 |
_aCost Accounting _951 |
|
| 700 |
_9126 _aUsry, Milton F. |
||
| 856 |
_k0 _l0 _yDownload |
||
| 942 |
_2ddc _cBK |
||
| 999 |
_c94 _d94 |
||